| 000 | 00535nam a2200181Ia 4500 | ||
|---|---|---|---|
| 999 |
_c34938 _d34938 |
||
| 003 | OSt | ||
| 005 | 20200201121317.0 | ||
| 008 | 190216s9999||||xx |||||||||||||| ||und|| | ||
| 020 | _a9788173815881 | ||
| 040 | _coclc | ||
| 082 |
_a320.1 _bBHA/I |
||
| 100 |
_aBhattacharjee, Arun _91756 |
||
| 245 | 3 |
_aAn Introduction To Political Theory / _cArun Bhattacharjee |
|
| 260 |
_bNew Central Book Agencies, _c2012. _aLondon: |
||
| 300 | _a362p | ||
| 650 | _aPolitics | ||
| 942 |
_cBK _2ddc _h320.1 _iBHA/I _k320.1 _mBHA/I |
||